| Tag |
First Indicator |
Second Indicator |
Subfields |
| LEADER |
00000cam a2200000 4500 |
| 001 |
in00000040910 |
| 005 |
20151007064727.0 |
| 008 |
761007s1902 nyuf b 00010 engm |
| 010 |
|
|
|a 03001428
|
| 035 |
|
|
|a (OCoLC)02488324
|
| 035 |
|
|
|9 AAE0467AM
|
| 040 |
|
|
|a DLC
|c SUC
|d SUC
|d TXA
|d UtOrBLW
|
| 049 |
|
|
|a TXAM
|c [22714]
|
| 050 |
0 |
0 |
|a QB201
|b .C73
|
| 092 |
|
|
|a 520.7
|b C739te
|
| 100 |
1 |
|
|a Comstock, George C.
|q (George Cary),
|d 1855-1934.
|
| 245 |
1 |
2 |
|a A text-book of field astronomy for engineers /
|c By George C. Comstock ...
|
| 250 |
|
|
|a 1st ed. 1st thousand.
|
| 264 |
|
1 |
|a New York :
|b J. Wiley & sons,
|c 1902.
|
| 300 |
|
|
|a x, 202 pages :
|b plate, diagram ;
|c 24 cm.
|
| 336 |
|
|
|a text
|b txt
|2 rdacontent
|
| 337 |
|
|
|a unmediated
|b n
|2 rdamedia
|
| 338 |
|
|
|a volume
|b nc
|2 rdacarrier
|
| 504 |
|
|
|a "Reference works": page 196.
|
| 650 |
|
0 |
|a Spherical astronomy.
|
| 740 |
0 |
|
|a Field astronomy for engineers
|
| 999 |
|
|
|a MARS
|
| 999 |
f |
f |
|s 434ff2ea-fe0c-33f4-b74b-f06d357c4d28
|i e09b8bd9-29e8-3931-a444-7b9591311a15
|t 0
|
| 952 |
f |
f |
|p ric
|a Texas A&M University
|b Rellis Campus
|c Joint Library Facility
|d Remote Storage
|t 0
|e QB201 .C73
|h Library of Congress classification
|i unmediated -- volume
|m A14800898484
|
| 998 |
f |
f |
|a QB201 .C73
|t 0
|l Remote Storage
|